000 00666nam a2200193 a 4500
001 000854302
003 AM-YeHGA
005 20250618074756.0
008 111214s1959 ||||||||||||||||||||rus|c
040 _aAM-YeHGA
041 0 _arus
100 1 _aԹևեքելյան, Վարդգես Հարությունի,
_d1902-1969
_93537
245 1 0 _aЗа Москвою-рекой :
_bРоман /
_cВ. Тевекелян.
260 _aМосква :
_bГослитиздат,
_c1959.
300 _a128 с. ;
_c26 см.
440 0 _aРоман-газета
_v1959, № 23(203)
650 1 4 _aХудожественная литература
_xроман
090 _c397832
999 _c395780
_d395780